What Maisie knew
Gespeichert in:
| 1. Verfasser: | |
|---|---|
| Format: | Buch |
| Sprache: | Englisch |
| Veröffentlicht: |
Nueva York
Doubleday and Company
1954
|
| Schriftenreihe: | Doubleday Anchor Books
|
| Schlagworte: | |
| Tags: |
Tag hinzufügen
Keine Tags, Fügen Sie den ersten Tag hinzu!
|
MARC
| LEADER | 00000nam a2200000 a 4500 | ||
|---|---|---|---|
| 001 | UCQ3932 | ||
| 003 | CL-VaPUC | ||
| 008 | 980828e19540000US |||||||||||||||||eng|d | ||
| 082 | 0 | 4 | |a 813 |b JAM |2 21 |
| 100 | |a James, Henry |e author |9 316060 | ||
| 245 | 1 | 0 | |a What Maisie knew |
| 300 | |a 280 p | ||
| 942 | |c BK | ||
| 945 | |d 19980828 00:00:00 |a crobeson | ||
| 260 | |a Nueva York |b Doubleday and Company |c 1954 | ||
| 650 | 0 | |a Novelas estadounidenses |9 265217 | |
| 650 | 0 | |a Literatura estadounidense |9 317168 | |
| 583 | |a last modification |c 19980828 00:00:00 |k Rodrigo Vera | ||
| 490 | 0 | |a Doubleday Anchor Books | |
| 999 | |c 274442 |d 274440 | ||
| 952 | |0 0 |1 0 |4 0 |6 813_000000000000000_JAM_1954 |7 0 |8 A |9 310603 |a BIBEDU |b BIBEDU |d 2019-11-20 |i 1459848 |o 813 JAM 1954 |p 1459848 |r 2019-11-20 |w 2019-11-20 |y BK |k LIT | ||